[Event "Aeroflot Open 2017"]
[Site "Moscow"]
[Date "2017.02.22"]
[Round "2"]
[White "Lysyj, Igor"]
[Black "Harutyunian, Tigran K"]
[Result "1-0"]
[WhiteElo "2643"]
[BlackElo "2515"]
[Annotator "TA"]
[PlyCount "77"]
[EventDate "2017.??.??"]

1. d4 d5 2. c4 e6 3. Nf3 Nf6 4. g3 dxc4 5. Bg2 Nc6 6. Qa4 Bb4+ 7. Bd2 Nd5 8.
Bxb4 Ndxb4 9. O-O Rb8 10. Na3 O-O 11. Qb5 b6 12. Qxc4 Ba6 13. Nb5 Qd5 14. Qxd5
Nxd5 15. a4 Na5 16. Ne5 Rbd8 17. b4 Nxb4 18. Rab1 $1 Nd5 19. Rfc1 $1 $36 {
White has some pressure.} f6 20. Nc6 Nxc6 21. Rxc6 Bxb5 22. axb5 Rfe8 (22...
Rd6 $14) 23. Ra1 $16 Rd6 {[#]} 24. Rxd6 $1 ({Don't take} 24. Rxa7 $6 Rxc6 25.
bxc6 Rc8 $11) 24... cxd6 25. Rxa7 {Endgame KRB-KRN} Ne7 26. Rb7 d5 27. Rxb6 Kf7
28. e3 Rc8 29. Bf3 f5 30. h4 Rc2 31. Rb7 Kf6 32. g4 f4 $2 (32... fxg4 $16 33.
Bxg4 Rb2) 33. exf4 $18 Rc4 $2 (33... Kf7 34. f5 Rc3) 34. g5+ Kf7 {[#]} 35. f5
$1 Rxd4 (35... exf5 36. Bxd5+) 36. Bh5+ g6 37. f6 gxh5 38. Rxe7+ Kg8 39. b6 1-0

[Event "Aeroflot Open 2017"]
[Site "Moscow"]
[Date "2017.02.22"]
[Round "2"]
[White "Alekseev, Evgeny"]
[Black "Sunilduth Lyna, Narayanan"]
[Result "1/2-1/2"]
[WhiteElo "2632"]
[BlackElo "2524"]
[Annotator "TA"]
[PlyCount "99"]
[EventDate "2017.??.??"]

1. e4 e5 2. Nf3 Nc6 3. Bc4 Bc5 4. O-O Nf6 5. d3 a6 6. c3 Ba7 7. Bb3 O-O 8. Be3
d5 {LiveBook: 5 Games} 9. Bxa7 Rxa7 ({Of course not} 9... Nxa7 $6 10. exd5 (10.
Nxe5 Qd6 $14) 10... Nxd5 11. Nxe5 $16) 10. exd5 Nxd5 11. d4 exd4 12. Nxd4 Nde7
13. Nxc6 Nxc6 14. Nd2 Bf5 15. Nc4 Ra8 16. Ne3 Qxd1 17. Raxd1 Be6 18. Bxe6 fxe6
19. Rd7 $36 {White fights for an advantage.} Rf7 20. Rfd1 Raf8 21. R7d2 Ne5 22.
f3 Re8 23. Kf2 Nc6 24. Nf1 e5 25. Ng3 b6 26. Ke3 h6 27. Rd7 g6 28. Ne4 Rxd7 29.
Rxd7 $16 {Endgame Black must now prevent Nf6+. KRN-KRN} Re7 30. Rd5 Kf7 {[#]}
31. Nf2 $1 Ke6 32. Ke4 Rf7 {Strongly threatening ...Rf4+.} 33. Rd2 ({Better is
} 33. Nd3 $16) 33... Na5 34. Rd8 Nc4 35. b3 Nd6+ 36. Kd3 Rd7 37. Rxd7 Kxd7 $14
{KN-KN} 38. Ng4 Nf7 39. a4 Ke6 {The position is equal.} 40. b4 h5 41. Nf2 Nd6
42. Ne4 Nxe4 43. Kxe4 $11 {KP-KP} b5 44. axb5 axb5 45. g3 Kd6 46. g4 {Black
should prevent gxh5.} Ke6 47. gxh5 gxh5 48. h4 c6 49. f4 exf4 50. Kxf4 1/2-1/2

[Event "Aeroflot Open 2017"]
[Site "Moscow"]
[Date "2017.02.22"]
[Round "2"]
[White "Goganov, Aleksey"]
[Black "Golubov, Saveliy"]
[Result "1/2-1/2"]
[WhiteElo "2632"]
[BlackElo "2492"]
[Annotator "TA"]
[PlyCount "99"]
[EventDate "2017.??.??"]

1. d4 Nf6 2. c4 e5 3. dxe5 {??.} Ng4 4. Bf4 Nc6 5. Nf3 Bb4+ 6. Nc3 Qe7 7. Qd5
Bxc3+ 8. bxc3 {Hoping for h3.} f6 9. exf6 Nxf6 ({But not} 9... Qxf6 10. Qe4+
Kf8 11. Nd4 $16) 10. Qd3 d6 11. g3 O-O 12. Bg2 Re8 13. O-O Qxe2 14. Qxe2 Rxe2
15. Nd4 Nxd4 16. cxd4 Be6 17. Bxb7 Rb8 18. Rab1 Rd8 ({Don't take} 18... Bxc4 $2
{[#]} 19. Ba6 $1 Bxa6 20. Rxb8+ Kf7 21. Ra8 $18) 19. a3 Bxc4 20. Rfc1 d5 21.
Bxc7 Rd7 22. Bf4 Ne4 23. Bc6 Rd8 24. Be3 {And now Rxc4! would win.} Nd2 25. Rb7
Nb3 26. Rb1 Na5 27. Rc7 $36 {Black must now prevent Bd7. White is on the roll.}
Nxc6 28. Rxc6 Rd7 29. g4 h6 30. h4 Kf7 31. Rc8 Ra2 32. Rbb8 Be2 (32... Rxa3
$142 33. Rg8 a5) 33. Rf8+ $16 Ke6 34. g5 ({White should play} 34. f4 $1 $18
Bxg4 {[#]} 35. f5+ $1 Bxf5 36. Rbe8+ Re7 37. Rxe7+ Kxe7 38. Rxf5) 34... hxg5
35. Bxg5 Bh5 36. Rb3 Re2 37. Kf1 {Threatens to win with Rh8.} Re4 {[#]} 38. Rb4
(38. f3 $1 $16 Rxd4 39. Re3+ Kd6 40. Bf4+ Kc5 41. Re5 Bxf3 42. Be3) 38... Be2+
39. Kg2 Bc4 40. Re8+ Kf5 41. Rf8+ Ke6 $1 42. f3 Rxd4 43. Rb1 Rd3 44. Bf4 {
White wants to mate with Re1+.} Re7 {The position is equal.} 45. Bg5 {Strongly
threatening Re1+.} Rd7 46. Bf4 {Intending Re1+ and mate.} Re7 47. Re1+ Kd7 48.
Rd8+ Kxd8 49. Bg5 {[#]} Rd2+ $1 50. Bxd2 1/2-1/2

[Event "Aeroflot Open 2017"]
[Site "Moscow"]
[Date "2017.02.22"]
[Round "2"]
[White "Buhmann, Rainer"]
[Black "Tabatabaei, M amin"]
[Result "1/2-1/2"]
[WhiteElo "2625"]
[BlackElo "2507"]
[Annotator "TA"]
[PlyCount "87"]
[EventDate "2017.??.??"]

1. Nf3 Nf6 2. c4 e6 3. Nc3 d5 4. d4 Be7 5. Bf4 O-O 6. e3 c5 7. dxc5 Bxc5 {
LiveBook: 2247 Games} 8. Qc2 Nc6 9. a3 Re8 10. Bg3 d4 11. exd4 Nxd4 12. Nxd4
Bxd4 ({Reject} 12... Qxd4 $6 13. Nb5 Qe4+ 14. Qxe4 Nxe4 15. Nc7 $16) 13. O-O-O
e5 14. Bxe5 Rxe5 15. Qd3 Bf5 16. Qxd4 Qe7 17. f3 Re1 18. Rxe1 Qxe1+ 19. Qd1 Qe7
20. Qe2 Qc7 21. g3 Qb6 22. Bg2 Re8 23. Ne4 {[#] Hoping for Nxf6+.} Rc8 24. Kb1
Nxe4 25. fxe4 Be6 26. Rc1 Qd4 27. Rd1 Qc5 28. Bf1 h5 29. Qd3 Qa5 30. Qd4 Qa4
31. Be2 Bxc4 32. Bxc4 ({Not} 32. Bxh5 $2 Qb3 33. Qc3 Qa2+ 34. Kc1 Be6 35. Qxc8+
Bxc8 $19) 32... Rxc4 $11 {Endgame KQR-KQR} 33. Qd8+ Kh7 34. Rd5 Qc2+ 35. Ka2
Qxh2 36. Qd7 {[#] White wants to mate with Qf5+.} Rc6 (36... Rc2 $1 $11 37.
Qf5+ Kh6 38. Qg5+ Kh7 39. Qf5+ Kh6 40. Qg5+ Kh7 41. Qf5+) 37. Qxf7 {Intending
Rg5 and mate.} Qxg3 38. Rxh5+ Rh6 39. Rd5 (39. Ra5 $14) 39... Qg6 {The
position is equal.} 40. Qf4 Qe6 41. Qf5+ Qxf5 42. exf5 Rf6 43. Rd7 Rxf5 44.
Rxb7 1/2-1/2

[Event "Aeroflot Open 2017"]
[Site "Moscow"]
[Date "2017.02.22"]
[Round "2"]
[White "Sethuraman, S P."]
[Black "Matlakov, Maxim"]
[Result "0-1"]
[WhiteElo "2623"]
[BlackElo "2701"]
[Annotator "TA"]
[PlyCount "112"]
[EventDate "2017.??.??"]

1. e4 c5 2. Nf3 Nc6 3. d4 cxd4 4. Nxd4 Nf6 5. Nc3 e5 6. Ndb5 d6 7. Bg5 a6 8.
Na3 b5 9. Nd5 Be7 10. Bxf6 Bxf6 11. c4 b4 12. Nc2 O-O 13. g3 a5 {LiveBook: 253
Games} 14. Qf3 Bg5 15. h4 Bh6 {The position is equal.} 16. Bh3 Be6 17. Rd1 a4
18. Kf1 Qb8 19. b3 axb3 20. axb3 Ra2 21. Qd3 $1 Bxd5 22. cxd5 (22. exd5 Na5 23.
Ra1 Rxa1+ 24. Nxa1 Nb7 $17) 22... Na5 {...Qb6 is the strong threat.} 23. Kg2 $1
Qb6 24. Ra1 $1 Rb2 {Threatens to win with ...Qc5.} 25. Rhb1 Rxb1 26. Rxb1 Nb7
27. Qc4 Bd2 28. Qc6 Qc5 29. Ne1 Bxe1 30. Rxe1 Na5 31. Qa4 Nb7 32. Qd7 Qb6 $1
33. Qc6 Qa7 34. h5 Qb8 {Black wants to play ...Nc5.} 35. h6 Nc5 $36 {Black has
some pressure.} ({Don't capture} 35... gxh6 $2 36. Qc1 Kg7 37. Rh1 $18) 36.
hxg7 Kxg7 37. Bf5 Nxb3 38. Qc2 Nd4 39. Qd2 $2 {[#]} (39. Qd1 $11 {and White is
okay.} Rg8 40. Rh1) 39... h6 $1 $19 ({Inferior is} 39... Nxf5 40. Qg5+ (40.
exf5 f6 $11) 40... Kh8 41. Qxf5 $14) 40. Rh1 {[#]} Rh8 $1 41. Rxh6 $2 (41. Qd1)
41... Rxh6 42. Qg5+ {[#]} Rg6 $1 43. Bxg6 fxg6 44. Qe7+ Kg8 45. Qf6 Qe8 46.
Qxd6 b3 47. Qb6 Kg7 48. Qc7+ Kh6 49. d6 Qc6 50. Qd8 Qxe4+ {Black mates.} 51.
Kh2 Nf3+ 52. Kh3 Ng5+ 53. Kh2 b2 54. Qf8+ Kh5 55. Qh8+ Kg4 56. Qh4+ Kf5 0-1

[Event "Aeroflot Open 2017"]
[Site "Moscow"]
[Date "2017.02.22"]
[Round "2"]
[White "Rozum, Ivan"]
[Black "Lomasov, Semen"]
[Result "0-1"]
[WhiteElo "2601"]
[BlackElo "2450"]
[Annotator "TA"]
[PlyCount "60"]
[EventDate "2017.??.??"]

1. d4 Nf6 2. c4 e6 3. Nf3 Bb4+ 4. Bd2 a5 5. g3 O-O 6. Bg2 d5 7. Qc2 c5 {
LiveBook: 30 Games} 8. dxc5 d4 9. Bxb4 axb4 {White has an edge.} 10. Ne5 Qa5
11. Nd2 Qxc5 12. Nd3 Qe7 13. c5 Nc6 14. Nc4 (14. Bxc6 $14 bxc6 15. Nf3 (15.
Nxb4 e5 $11)) 14... e5 $11 {And now ...e4 would win.} 15. Bxc6 $1 bxc6 16.
Ncxe5 Bh3 17. Qc4 (17. Rg1 $11) 17... Rfe8 $17 18. f4 ({Much weaker is} 18.
Qxd4 Nd7 19. f4 f6 20. Qc4+ Be6 21. Nxc6 Bxc4) 18... Nd5 {Hoping for ...Ne3.}
19. Kd2 $2 ({Don't capture} 19. Nxb4 $2 Nxb4 20. Qxb4 f6 21. Qc4+ Be6 22. Nxc6
Bxc4 $19) (19. O-O-O $17 Ne3 20. Qxd4 Nxd1 21. Rxd1) 19... f6 $19 20. Nxc6 ({
And not} 20. Nxb4 fxe5 21. Nxc6 Qe6 22. Nxe5 Rab8 $19) (20. Ke1 $142 Qe6 21. a4
) 20... Qxe2+ 21. Kc1 Qf3 22. Rg1 Bf1 23. Ncxb4 Rad8 24. Kc2 Bxd3+ $1 25. Nxd3
Kh8 {( -> ... Ne3+)} 26. Kb1 Re3 27. a3 {[#]} Rxd3 (27... Nc3+ $142 $1 28. bxc3
Rxd3 29. Ra2 Rb8+ 30. Qb4 Rxb4+ 31. axb4 dxc3 32. Rc1 Qe4 33. Ra4 {[#]} c2+ $1
34. Kb2 Qd4+ 35. Ka2 Qc4+ 36. Ka1 Qc3+ 37. Ka2 Qb3+ 38. Ka1 Qxa4+ 39. Kb2 Qxb4+
40. Kxc2 Rd2#) 28. Rc1 {[#]} Nc3+ $1 {Black mates.} 29. Kc2 (29. bxc3 Rxc3)
29... Qe2+ 30. Kb3 Rb8+ 0-1

[Event "Aeroflot Open 2017"]
[Site "Moscow"]
[Date "2017.02.22"]
[Round "2"]
[White "Kovalev, Vladislav"]
[Black "Smirin, Ilia"]
[Result "0-1"]
[WhiteElo "2598"]
[BlackElo "2670"]
[Annotator "TA"]
[PlyCount "72"]
[EventDate "2017.??.??"]

1. e4 g6 2. d4 Bg7 3. Nc3 {??.} d6 4. Bg5 a6 5. Qd2 Nd7 6. f4 b5 7. Nf3 Bb7 8.
O-O-O b4 9. Nd5 Bxd5 10. exd5 Ngf6 11. Qxb4 Nxd5 12. Qa5 N5f6 13. Bd3 O-O 14.
f5 Qc8 15. Rhe1 Re8 16. Ne5 $2 (16. fxg6 $11 {and White stays safe.} hxg6 17.
c3) 16... dxe5 $19 17. dxe5 Ng4 $1 18. e6 {[#] aiming for exf7+.} Nde5 $1 19.
exf7+ Nxf7 20. Bxe7 (20. Bc4 {was called for.}) 20... Qb7 21. b3 Nf2 22. fxg6
Nxd3+ 23. Rxd3 hxg6 {Threatens to win with ...c5.} 24. Rg3 (24. Qc5 $17) 24...
Qc6 25. h4 Rab8 {Strongly threatening ...Rb5.} 26. a4 {White hopes to continue
with h5.} Qd7 27. Rd3 Qc6 28. Rg3 $1 Qd7 29. Rd3 $1 Qg4 30. Qxc7 $2 (30. Rde3 {
might work better.}) 30... Rbc8 31. Qg3 Qf5 32. Bb4 Ne5 33. Rc3 {and the idea
Kb1 leaves White hopeful.} Nc6 $2 ({Better is} 33... Red8 $19 34. Kb1 Nf3 35.
Qxf3 Bxc3 36. Bxc3 Qxf3 37. gxf3 Rxc3) 34. Rf3 $2 (34. Rxc6 $1 $15 Rxe1+ 35.
Qxe1 Rxc6 36. Qe8+ Kh7 37. Qxc6 Qf4+ 38. Kd1 Qxb4 39. Qc4) 34... Rxe1+ 35. Bxe1
Qe4 {( -> ... Nb4)} 36. Kb1 $2 {[#]} (36. Re3 $19 Bh6 37. Bd2 Bxe3 38. Qxe3)
36... Nb4 0-1

[Event "Aeroflot Open 2017"]
[Site "Moscow"]
[Date "2017.02.22"]
[Round "2"]
[White "Bok, Benjamin"]
[Black "Motylev, Alexander"]
[Result "1/2-1/2"]
[WhiteElo "2596"]
[BlackElo "2663"]
[Annotator "TA RC"]
[PlyCount "58"]
[EventDate "2017.??.??"]

1. e4 e5 2. Nf3 Nf6 3. Nxe5 d6 4. Nf3 Nxe4 5. d4 d5 6. Bd3 Nc6 7. O-O Be7 8.
Nbd2 Nxd2 9. Bxd2 Bg4 10. c3 O-O 11. h3 {LiveBook: 13 Games} Bh5 12. g3 Bg6 13.
Ne1 {White is slightly better.} Qd7 14. Qg4 Qxg4 15. hxg4 f6 16. Kg2 Rfe8 17.
Bxg6 hxg6 18. Nd3 Bd6 19. g5 Kf7 20. Bf4 Bxf4 21. Nxf4 {aiming for gxf6.} Rad8
22. Rae1 Rxe1 {The position is equal.} 23. Rxe1 $11 {Endgame KRN-KRN} Rd6 24.
Kf3 Nd8 ({Reject} 24... fxg5 25. Nh3 $16) 25. gxf6 gxf6 26. Rh1 {[#] Strongly
threatening Rh7+.} Kg7 27. Re1 Kf7 28. Rh1 {Black must now prevent Rh7+.} Kg7
29. Re1 {Re7+ is the strong threat.} Kf7 1/2-1/2

[Event "Aeroflot Open 2017"]
[Site "Moscow"]
[Date "2017.02.22"]
[Round "2"]
[White "Tari, Aryan"]
[Black "Najer, Evgeniy"]
[Result "1/2-1/2"]
[WhiteElo "2596"]
[BlackElo "2659"]
[Annotator "TA"]
[PlyCount "79"]
[EventDate "2017.??.??"]

1. e4 c5 2. Nf3 e6 3. d4 {??.} cxd4 4. Nxd4 Nc6 5. Nc3 Qc7 6. Qd3 Nf6 7. Ndb5
Qb8 $1 8. Qg3 {[#] Strongly threatening Nc7+.} d6 $1 {Threatening ...a6.} 9.
Be3 $1 {Black must now prevent 0-0-0.} a6 10. Nd4 h5 11. f4 (11. Nf3 $14) 11...
h4 $11 12. Qf3 e5 13. Nb3 Bg4 14. Qf2 b5 15. a3 Be7 16. h3 Be6 17. f5 Bc4 18.
Be2 Bxe2 19. Qxe2 (19. Kxe2 b4 20. axb4 Nxb4 $17) 19... b4 20. Nd5 bxa3 ({
But not} 20... Nxe4 $2 21. Qc4 Nd4 22. Nxd4 (22. Bxd4 Ng3 $16) 22... exd4 23.
O-O $18 (23. axb4 Ng3 $16) (23. Qxd4 Nf6 $18)) 21. Qc4 ({Better is} 21. Rxa3
$16 Nxd5 22. exd5) 21... Qb7 ({Don't capture} 21... axb2 $2 22. Qxc6+ Kf8 23.
Rb1 $18) 22. Rxa3 Nxd5 23. Qxd5 O-O 24. O-O Rfb8 25. Bd2 {[#]} Nd4 $1 {...Qxd5
is the strong threat.} 26. Nxd4 Qxd5 27. exd5 exd4 28. b4 Bf6 29. Rfa1 Rb6 (
29... d3 $11 30. R1a2 dxc2) 30. R1a2 Kh7 31. Kf2 Rc8 (31... g6 $11 {remains
equal.}) 32. Ke2 {Hoping for Kd3.} Rb5 33. Ra5 Rxa5 $1 34. Rxa5 {Threatens to
win with Kd3.} Rxc2 $14 {Endgame KRB-KRB} 35. Kd3 Rb2 36. Rxa6 Rb3+ (36... Be5
$14) 37. Kc4 (37. Kc2 $16 Rg3 38. Rxd6 d3+ 39. Kb3) 37... Rb2 $11 38. Kd3 (38.
Bf4 $11) 38... Rb3+ $16 39. Kc4 (39. Kc2 $16 Rg3 40. Rxd6 d3+ 41. Kb3 Rxg2 42.
Rxf6 gxf6 43. d6) 39... Rb2 $11 40. Kd3 1/2-1/2

[Event "Aeroflot Open 2017"]
[Site "Moscow"]
[Date "2017.02.22"]
[Round "2"]
[White "Bindrich, Falko"]
[Black "Debashis, Das"]
[Result "1/2-1/2"]
[WhiteElo "2590"]
[BlackElo "2472"]
[Annotator "TA"]
[PlyCount "107"]
[EventDate "2017.??.??"]

1. d4 Nf6 2. c4 e6 3. Nc3 {??.} Bb4 4. Qc2 O-O 5. Nf3 c5 6. dxc5 Na6 7. c6 bxc6
8. Bd2 d5 9. e3 Be7 10. Be2 Nc5 11. O-O a5 12. Rfd1 Ba6 13. Rab1 Qb6 14. Be1
Rfc8 15. h3 h6 16. b3 Rab8 17. a3 Ncd7 18. Na4 Qc7 19. Qa2 Ne4 20. Rdc1 Qa7 21.
Nd4 e5 22. Nf3 Bd6 23. Nd2 {aiming for Nxe4.} Nef6 24. Nf3 Ne4 25. Rd1 Ndf6 26.
Nc3 Nxc3 $1 27. Bxc3 Ne4 28. Ba1 ({Much worse is} 28. Bxe5 Bxe5 29. Nxe5 Nc3
$15) (28. Bxa5 Bxc4 29. Bxc4 Qxa5 $15) 28... f6 29. Nh4 Qf7 30. b4 axb4 31.
axb4 Bb7 (31... Ra8 $11 32. Qc2 f5) 32. Bf3 (32. Bg4 $14) 32... Ng5 33. Bg4 Rd8
34. Bf5 (34. Nf5 $11) 34... Ra8 (34... Qh5 $1 $17 {Hoping for ...Ra8.} 35. cxd5
cxd5 36. Rxd5 Bxd5 37. Qxd5+ Qf7 38. Qxf7+ Nxf7) 35. Qe2 $14 Ba6 36. b5 cxb5 {
White must now prevent . ..b4.} 37. cxb5 Bc8 38. Bg6 Qb7 39. Nf5 Bf8 40. f4
exf4 41. exf4 Ne6 42. Qg4 Ra4 43. Rf1 (43. Nxh6+ $1 $16 gxh6 44. Bc2+ Ng5 45.
Qg3) 43... Qb8 44. b6 {b7! is the strong threat.} Rxf4 ({But not} 44... Nxf4 $2
{[#]} 45. Nxh6+ $1 gxh6 46. Bf5+ Kf7 {[#]} 47. Rxf4 $1 Bxf5 48. Qh5+ Kg8 49.
Rxf5 Rxa1 50. Rxa1 Qxb6+ 51. Kh1 $18) 45. Rxf4 Nxf4 {[#]} (45... Qxf4 $2 {
too greedy.} 46. b7 Bd7 47. Qxf4 Nxf4 {[#]} 48. Nxh6+ $1 gxh6 49. Bxf6 $18) 46.
Bd4 (46. b7 $1 $16 Be6 (46... Bxb7 47. Nxh6+) 47. Bd4) 46... Nxg6 $11 {The
position is equal.} 47. Qxg6 {Threatens to win with Nxh6+.} Qf4 48. Nxh6+ $1
Qxh6 49. Qxh6 gxh6 50. b7 Bxb7 51. Rxb7 Rd6 52. Kf2 Rc6 53. Rd7 Bc5 54. Rxd5
1/2-1/2

[Event "Aeroflot Open 2017"]
[Site "Moscow"]
[Date "2017.02.22"]
[Round "2"]
[White "Alekseenko, Kirill"]
[Black "Artemiev, Vladislav"]
[Result "1/2-1/2"]
[WhiteElo "2588"]
[BlackElo "2655"]
[Annotator "TA"]
[PlyCount "80"]
[EventDate "2017.??.??"]

1. e4 c5 2. Nf3 e6 3. d4 {??.} cxd4 4. Nxd4 a6 5. Nc3 b5 6. Bd3 Ne7 7. O-O Nec6
8. Nb3 Be7 9. f4 d6 10. Qf3 Nd7 11. Be3 Bb7 12. a4 b4 13. Ne2 Bf6 14. Rad1 Qc7
15. Qg3 g6 16. f5 gxf5 17. exf5 e5 {aiming for ...Ne7.} 18. c4 (18. Be4 $1 $16)
18... Ne7 (18... O-O-O $11 {remains equal.} 19. Qf2 Na5 20. Nxa5 Qxa5) 19. Qe1
(19. Qf2 $16) 19... Rg8 $14 20. Ng3 $1 Bh4 21. c5 d5 $1 22. Bf2 Nf6 ({Black
should play} 22... Bg5 $14) 23. Qxb4 $16 d4 24. Na5 ({Better is} 24. Qb6 $16
Rc8 25. Rde1) 24... Bxg2 (24... Bd5 $14) 25. Kxg2 Rb8 26. Qe1 {Black must now
prevent Nc4.} Rxb2 {Hoping for ...e4.} 27. Rb1 $1 (27. Bxa6 $6 Bxg3 28. hxg3 e4
$11) 27... Rxb1 28. Bxb1 (28. Qxb1 $6 Qxa5 29. Qb8+ Qd8 30. Qxe5 Ng4 $14) 28...
Qxc5 29. Kh3 $1 Nfd5 $2 (29... Bg5 $16 {was necessary.}) 30. Qxe5 $18 (30. Kxh4
Nf4 31. Qe4 Qd6 $11) 30... Bf6 31. Qb8+ Kd7 {[#]} 32. Qb7+ $1 Ke8 {[#]} 33. Be1
$1 {Strongly threatening Ne4.} Qc1 34. Be4 $2 (34. Qxa6 Qxe1 35. Qb5+ Kd8 $11)
(34. Nb3 $18 Qh6+ 35. Kg2) 34... Qxe1 $1 $11 {The position is equal.} 35. Qb8+
(35. Rxe1 $2 Nf4#) 35... Kd7 36. Qb7+ (36. Rxe1 Rxb8 37. Bxd5 Nxd5 $17) 36...
Ke8 37. Qb8+ (37. Rxe1 $2 Nf4#) 37... Kd7 38. Qa7+ ({But not} 38. Rxe1 Rxb8 39.
Bxd5 Nxd5 $19) 38... Ke8 39. Qa8+ (39. Rxe1 $2 {leads to mate.} Nf4#) 39... Kd7
{( -> ...Qxf1+!)} 40. Qa7+ (40. Rxe1 $2 {gets mated.} Nf4#) 40... Ke8 1/2-1/2

[Event "Aeroflot Open 2017"]
[Site "Moscow"]
[Date "2017.02.22"]
[Round "2"]
[White "Karthikeyan, Murali"]
[Black "Inarkiev, Ernesto"]
[Result "0-1"]
[WhiteElo "2578"]
[BlackElo "2723"]
[Annotator "TA"]
[PlyCount "110"]
[EventDate "2017.??.??"]

1. e4 e5 2. Nf3 Nc6 3. Bb5 a6 4. Ba4 Nf6 5. O-O Be7 6. d3 b5 7. Bb3 d6 8. c3
O-O 9. Nbd2 {LiveBook: 152 Games} h6 10. Re1 Re8 11. Nf1 {White has an edge.}
Bf8 12. a4 Be6 13. Bxe6 Rxe6 14. Ne3 Ne7 15. h3 c6 16. Ng4 Nd7 17. d4 Ng6 18.
axb5 axb5 19. Rxa8 Qxa8 20. dxe5 Ndxe5 21. Nd4 Re8 22. Nf5 c5 23. h4 (23. Nxd6
$2 Rd8 24. Nxe5 Nxe5 $19) 23... Nxg4 24. Qxg4 h5 25. Qe2 Ne5 26. Rd1 Nc4 27. b3
Rxe4 28. Qxh5 Ne5 29. f3 ({Don't take} 29. Nxd6 $2 Rg4 30. g3 Qf3 31. Qxe5
Qxd1+ 32. Kg2 Bxd6 $19) (29. f4 $11 {remains equal.} Nc6 30. Qg4) 29... Re2 $17
30. Qg5 ({But not} 30. Nxd6 $2 Qa2 31. Rd2 Rxd2 $19) (30. Ne3 $17 Qa2 31. f4)
30... Qa2 $1 $19 31. f4 Qc2 32. Rf1 f6 33. Nh6+ Kh7 34. Qg3 Qd3 $36 {Black is
in control.} 35. Nf5 Qxf5 36. fxe5 Qxe5 37. Bf4 Qe4 38. h5 (38. Qf3 $17) 38...
d5 39. h6 gxh6 (39... g6 $1 $19 {Threatens to win with ...d4.} 40. Qf3 Qxf3 41.
Rxf3 Rb2) 40. Qh3 (40. Ra1 $17 {was worth a try.} Qf5 41. Qf3) 40... d4 41.
cxd4 Re1 (41... Qxd4+ $19 42. Kh2 Qe4) 42. Rxe1 ({White should play} 42. Qd7+
Kh8 43. Qxb5) 42... Qxe1+ $17 43. Kh2 Qe4 44. Qd7+ {[#]} Bg7 $1 45. Bg3 $2 (45.
g3 $17) 45... cxd4 $19 46. Qxb5 d3 47. Qd7 Kg6 48. b4 h5 49. b5 {[#]} h4 $1 50.
Bc7 Bh6 {White must now prevent ...d2.} 51. b6 d2 52. b7 Qxb7 {( -> ...Bf4+!)}
53. Qd3+ f5 {Black mates.} 54. Qd6+ Kh5 55. Ba5 Qb3 0-1

[Event "Aeroflot Open 2017"]
[Site "Moscow"]
[Date "2017.02.22"]
[Round "2"]
[White "Blomqvist, Erik"]
[Black "Yu, Yangyi"]
[Result "0-1"]
[WhiteElo "2573"]
[BlackElo "2738"]
[Annotator "TA"]
[PlyCount "108"]
[EventDate "2017.??.??"]

1. e4 e6 2. d4 d5 3. Nd2 {??.} c5 4. exd5 Qxd5 5. dxc5 Nf6 6. Ngf3 Qxc5 7. Bd3
Be7 8. Qe2 Nbd7 9. O-O O-O 10. a4 Qc7 11. a5 Nd5 12. Ne4 Nf4 13. Bxf4 Qxf4 14.
Rfd1 Ne5 15. Nxe5 Qxe5 16. Nc3 Bf6 17. Ne4 Be7 ({But not} 17... Qxb2 $2 18.
Rab1 (18. Nxf6+ Qxf6 19. Rab1 g6 $11) 18... Qd4 19. a6 $18) 18. Nc3 Qxe2 19.
Bxe2 Rb8 20. Bf3 g6 21. g3 Kg7 22. Nb5 a6 $1 23. Nd6 b5 24. axb6 Rxb6 25. Nc4
Rb5 26. b3 h5 27. h4 g5 28. hxg5 Rxg5 ({Of course not} 28... Bxg5 $6 29. Nd6 (
29. Bxh5 Bf6 30. Ra5 Bb7 $14) 29... Rc5 30. Ne4 $16) 29. Ra5 Rxa5 30. Nxa5 h4
31. gxh4 Bxh4 32. Kf1 e5 33. Nc4 Bf5 34. Ne3 Bg6 35. Ra1 e4 36. Be2 f5 37. Rxa6
f4 38. Ng4 Bf5 {...f3 is the strong threat.} 39. Ra7+ Kg6 40. Ne5+ Kf6 41. Nd7+
(41. Ng4+ $1 $11 Kg6 42. Ne5+ Kf6 43. Ng4+ Kg6) 41... Bxd7 $1 $17 42. Rxd7 {
Endgame [#] KRB-KRB} f3 $1 43. Bb5 Ra8 {( -> ...Ra1+)} 44. Rd1 Ra2 45. Re1 (45.
Bc6 $1 $11) 45... Rxc2 46. Rxe4 Rxf2+ 47. Kg1 Kg5 48. Bf1 {Threatens to win
with Rxh4!} Rb2 49. b4 Bg3 50. b5 $2 {[#]} (50. Bh3 $15) 50... Bh2+ 51. Kh1 Bc7
{Black mates.} 52. Kg1 Bb6+ 53. Kh1 Rb1 54. Re5+ Kf4 0-1

[Event "Aeroflot Open 2017"]
[Site "Moscow"]
[Date "2017.02.22"]
[Round "2"]
[White "Zhigalko, Andrey"]
[Black "Kuzubov, Yuriy"]
[Result "1/2-1/2"]
[WhiteElo "2571"]
[BlackElo "2643"]
[Annotator "TA"]
[PlyCount "81"]
[EventDate "2017.??.??"]

1. e4 c5 2. Nf3 Nc6 3. d4 cxd4 4. Nxd4 Nf6 5. Nc3 e5 6. Ndb5 d6 7. Bg5 a6 8.
Na3 b5 9. Nd5 Be7 10. Bxf6 Bxf6 11. c3 Bg5 12. Nc2 Ne7 13. h4 Bh6 14. a4 bxa4
15. Ncb4 O-O 16. Qxa4 a5 17. Bb5 {LiveBook: 56 Games} Nxd5 18. Nxd5 Be6 19. Bc6
Rb8 20. b4 ({Much weaker is} 20. Qxa5 Rxb2 21. O-O Qxh4 $15) 20... axb4 21.
cxb4 Bxd5 22. Bxd5 Qb6 23. Rh3 Qd4 24. Rd1 Qxb4+ 25. Qxb4 Rxb4 26. Rb3 Rxb3 27.
Bxb3 $11 {Endgame KRB-KRB} Rd8 28. Ra1 g6 29. Ra7 Rf8 30. Rd7 Bc1 31. Rxd6 Kh8
32. g4 h6 33. Ke2 Bb2 34. Rd7 Kg7 35. Kf3 Ba3 36. g5 Bc1 37. Kg4 {White has an
edge.} hxg5 38. hxg5 Bf4 39. Re7 Bh2 40. Bd5 Bf4 41. Rd7 1/2-1/2

[Event "Aeroflot Open 2017"]
[Site "Moscow"]
[Date "2017.02.22"]
[Round "2"]
[White "Gordievsky, Dmitry"]
[Black "Iturrizaga Bonelli, Eduardo"]
[Result "1/2-1/2"]
[WhiteElo "2564"]
[BlackElo "2652"]
[Annotator "TA"]
[PlyCount "82"]
[EventDate "2017.??.??"]

1. d4 Nf6 2. c4 e6 3. Nf3 b6 4. g3 Ba6 5. b3 Bb7 6. Bg2 c5 7. O-O {LiveBook: 3
Games} cxd4 8. Qxd4 Nc6 9. Qf4 {White is slightly better.} Ne7 10. Bb2 Ng6 11.
Qd2 d5 12. cxd5 Nxd5 (12... Qxd5 $14 13. Qxd5 Bxd5) 13. a3 ({Better is} 13. Rd1
) 13... Nf6 $16 14. Qxd8+ Rxd8 15. Nc3 a6 (15... Bd6 $11 {keeps the balance.})
16. Rfd1 Be7 17. Rxd8+ Bxd8 18. Nd4 Bxg2 19. Kxg2 Kd7 20. Rd1 Kc8 21. f4 Bc7
22. f5 e5 23. Nc2 Ne7 24. e4 Rd8 25. Rxd8+ Kxd8 26. Kf3 Kd7 27. g4 h6 28. Nb4
a5 29. Nd3 {And now Nb5 would win.} Ne8 30. Nb5 f6 31. a4 Bd8 32. Kg3 Nc8 33.
Kh4 Ned6 {[#]} ({Black should try} 33... Nc7 $14) 34. Nc3 $2 (34. Nxd6 $1 $18
Nxd6 35. Kh5) 34... Ke8 $11 35. Ba3 Nb7 36. Nd5 Na7 37. Kh5 {Threatens to win
with Kg6.} Kf7 $1 38. Nc3 Nc6 {The position is equal.} 39. Nb5 Be7 40. Bxe7
Nxe7 41. Nb2 Nc8 1/2-1/2